000 00363 a2200145 4500
001 63560
040 _cAnchieta - Pituba
100 _aSILVA, Edivaldo Mendes da
240 1 0 _a1ª Avaliação de Geografia, I Unidade
_lpor
245 1 0 _a1ª Avaliação de Geografia, I Unidade
300 _a10
362 0 _a2017
650 4 _aGeografia e História
942 _cBK
999 _c63560
_d63560